00361nam a22001457a 450000500170000001000130001702000260003003500130005603700200006908200060008910000200009524500450011526000340016030000210019420191022140925.0 aB-691397 a9708571283897c599.00 aB-691397 bFaber and Faber aS aIshiguro, Kazuo aWhen We Were Orphanscby Kazuo Ishiguro aLondonbFaber and Faberc2013 a535p.c19cm(Pbk)